Les écuries de F1 en 2024 (image) - Statistiques

Statistiques générales
  • Ce quiz a été pris 196 fois
    83 depuis la dernière actualisation
  • Le résultat moyen est 9 sur 10
Statistiques - réponses
Par images Réponse % Correct
Aston Martin
100%
Ferrari
100%
RedBull
100%
Mercedes
94%
Alpine
91%
McLaren
91%
Williams
91%
Haas
90%
Sauber
55%
Racing Bull
49%
Aucun quiz correspondant
Distribution des résultats
% des personnes avec chaque résultat
Percentile par nombre de réponses
Votre historique - résultats
Vous n’avez pas pris ce quiz depuis la dernière actualisation